Ganadores del Mejor Entrenador del Año - Estadísticas

Estadísticas generales
  • Esta prueba ha sido intentada 81 veces
  • La puntuación promedio es 6 de 8
Estadísticas de respuestas
Año Ganador % Correcto
2023 Josep Guardiola
100%
2017 Zinedine Zidane
94%
2019 Jürgen Klopp
83%
2020 Jürgen Klopp
83%
2022 Lionel Scaloni
58%
2021 Thomas Tuchel
58%
2018 Didier Deschamps
54%
2016 Claudio Ranieri
22%
No se encontraron pruebas coincidentes
Distribución de puntuación
Porcentaje de gente con cada puntuación
Porcentaje por número respondido
Historial de tus puntuaciones
No has intentado esta prueba.